• 首页
  • 本馆介绍
  • 公告通知
  • 最新文献
  • 馆藏检索
  • 电子资源
  • 读者导购
  • 参考咨询
  • 我的图书馆
  • 登录
  • 详细信息显示
  • 放入我的书架
  • 预约/预借图书
  • 作者相关作品
  • 分类相关作品
  • 丛书相关作品
  • 出版社相关作品

书目信息

  • 表格格式
  • 工作单格式
  • 卡片格式
题名:
药物分析
    
 
作者: ;南京药学院药物分析教研室 编著
分册:  
出版信息: 南京   江苏人民出版社  1980
页数: 359页
开本: 26cm
丛书名:
单 册:
中图分类: R914.1
科图分类:
主题词: 海豚--普及读物
电子资源:
ISBN:
000 00634nam2 2200217 45
001 0181010707
005 20070724083113.01
010    @dCNY1.85
091    @aCN@b14048.3748
100    @a19960215d1980 em y0chiy0121 ea
101 0  @achi
102    @aCN@b320000
105    @ay z 000yy
200 10 @a药物分析@Ayao wu fen xi@f南京药学院药物分析教研室编著
210    @a南京@c江苏人民出版社@d1980@h1982
215    @a359页@d26cm
606    @a海豚@x普及读物
690    @aR914.1@v3
711 02 @a南京药学院药物分析教研室@Anan jing yao xue yuan yao wu fen xi jiao yan shi@4编著
801  0 @aCN@bTSSF@c20070724
905    @a10447@dR914.1@e64
    
    药物分析/南京药学院药物分析教研室编著.-南京:江苏人民出版社,1980(1982)
    359页;26cm
    
    
    ISBN :CNY1.85
    
●
相关链接 在E读中查询图书 在五车中查询图书 在当当中查询图书 在豆瓣中查询图书


正题名:药物分析     索取号:R914.1/64         预约/预借

序号 登录号 条形码 馆藏地/架位号 状态 备注
1 0768478   207684781   第二样本阅览室/ [索取号:R914.1/64] 在馆    
唐山师范学院图书馆 欢迎您!
大连网信软件有限公司© 版权所有